000
00309nam a22001337a 4500
008
170412b xxu||||| |||| 00| 0 eng d
020
_a
9780894808296
041
_a
eng
080
_a
618
100
_a
10
101
_a
shm
245
_a
WHAT TO EXPECT WHEN YOURE EXPECTING
_c
EISENBERG,A
942
_2
udc
_c
BK
999
_c
10565
_d
10565